000 00491nam a2200181Ia 4500
008 090124s9999 xx 000 0 und d
082 _b105481
100 _aगाडगीळ द. धों.
245 _a पंचरात्र
250 _a1
260 _c1956
300 _a28
600 _aगाडगीळ द. धों.
630 _a पंचरात्र
700 _aगाडगीळ द. धों.
730 _a पंचरात्र
942 _cBOOK
999 _c151572
_d151572